[Event "Minneapolis HB Global op"]
[Site "Minneapolis"]
[Date "2005.05.22"]
[Round "8"]
[White "Goldin, Alexander"]
[Black "Young, Angelo"]
[Result "1-0"]
[WhiteElo "2615"]
[BlackElo "2413"]
[Annotator "Erenburg,S"]
[PlyCount "55"]
[EventDate "2005.05.18"]
[EventType "swiss"]
[EventRounds "9"]
[EventCountry "USA"]
[SourceTitle "CBM 107"]
[Source "ChessBase"]
[SourceDate "2005.08.01"]
[SourceVersion "1"]
[SourceVersionDate "2005.08.01"]
[SourceQuality "1"]

1. d4 d6 2. e4 Nf6 3. Nc3 c6 4. f4 Qa5 5. e5 {This theoretical possibility is
more aggressive than the following one:} (5. Bd3 {---> 1-0 Glek,I-Scekic,M/
Rethymnon 2003/CBM 98/[Erenburg] (19)}) 5... Ne4 6. Bd2 $5 {Other
possibilities are:} (6. Qf3 Nxc3 7. Bd2 Qd5 8. Qxc3 Bf5 $6 9. Nf3 dxe5 10. Bc4
$1 Qd8 11. Qb3 e6 12. Qxb7 Be7 $2 13. Qxa8 Qb6 14. O-O-O O-O 15. Nxe5 Bd6 16.
Rhe1 $1 {1-0 Beliavsky,A-Bezold,M/Portoroz 1996/CBM 051 ext/[Beliavsky] (16)})
(6. Bd3 Nxc3 7. Qd2 d5 8. bxc3 c5 9. Nf3 Nc6 10. O-O e6 11. dxc5 Bxc5+ 12. Kh1
a6 13. Qe1 Bd7 14. a4 Qc7 15. Qg3 g6 16. Ng5 $13 {1-0 Ariel,D-Altounian,L/
Seattle 2002/CBM 087/[Ang] (55)}) (6. Nf3 Nxc3 7. bxc3 Bg4 8. Bd2 dxe5 9. fxe5
e6 10. Bd3 c5 11. Rb1 Qc7 12. Be4 Nc6 13. Qe2 Be7 14. Qb5 Bxf3 15. gxf3 O-O 16.
Qxb7 $18 {1-0 Morozevich,A-Brendel,H/Mainz 2004/CBM 101 ext (34)}) 6... Nxc3 $6
{It looks very dangerous to leave White with a pair of bishops...} ({More
logical seems to be} 6... Nxd2 7. Qxd2 Bf5 8. Nf3 g6 9. exd6 exd6 10. Bd3 Bxd3
11. Qxd3 Be7 12. O-O O-O 13. Rae1 Qd8 14. Ne4 d5 15. Neg5 Bf6 16. h4 h6 17. Nh3
Bxh4 18. Re3 $44 {Moskalenko,V-Agrest,E/Sverige 1992/ (18)}) 7. Bxc3 Qd5 8. Nf3
{In this variation White is willing to sacrifice a pawn for an obvious
development advantage.} Qe4+ {If black doesn't capture the pawn, white's
position will be better with equal material...} (8... Bg4 9. Be2 Qe4 10. O-O e6
11. h3 Bxf3 12. Rxf3 Nd7 13. Bd3 $16 {1/2-1/2 Dubois,M-Lebel Arias,J/Challes
1990/EXT 2000 (32)}) (8... Bf5 9. Bd3 Bxd3 10. Qxd3 dxe5 11. fxe5 e6 12. Bd2 $1
$14 {[%cal Yc2c4]}) 9. Be2 Bf5 {Black tries to continue development of his
pieces, and, at the same time, to win the pawn.} (9... Qxf4 {should be very
dangerous for black:} 10. O-O $44 {[%cal Yc3d2]}) 10. O-O $146 ({In the
preceding game White continued} 10. Rc1 Qxf4 11. O-O e6 12. Bd2 Qe4 13. Bd3 Qg4
14. h3 Qg3 15. Be1 Qf4 16. Bd2 Qg3 17. Ng5 dxe5 18. Bxf5 exf5 19. dxe5 (19.
Rxf5 $16) 19... Bc5+ 20. Kh1 Be3 21. Rxf5 $18 {1-0 Harholm,J-Hansen,B/
Norresundby 1992/EXT 2000 (41)}) 10... Qxc2 11. Qe1 e6 $2 {Black's position is
already unpleasant, as it is extremely difficult to find a good move...} (11...
Qe4 12. Ng5 Qd5 13. b3 $18 {[%cal Ye2c4]}) (11... dxe5 $5 {is probably, the
only move, that doesn't lose immediately...} 12. fxe5 Qe4 13. Qf2 $44 (13. Ng5
$2 Qe3+)) (11... d5 12. Rf2 {[%cal Ye2a6]} Bc8 $8 13. Rc1 $32) (11... Bd3 $2
12. Bd1 $18) {[%tqu "En","White is a pawn down, but black's pieces are not in
the game yet... How would you use it?","","","d4d5","",10]} 12. d5 $1 {White's
development advantage is enormous. That's why white opens up the game.} dxe5 {
Other moves lose as well:} (12... exd5 13. exd6 {[%cal Yf3d4]} Be4 (13... Qe4
14. Bd3 Qxe1 15. Raxe1+ Be4 16. Bxe4 dxe4 17. Rxe4+ $18 {[%cal Yf3e5]}) 14. Nd4
Qa4 15. Bd3 $18) (12... cxd5 13. Bb5+ Nd7 14. Qg3 {[%cal Ya1c1,Gf3g5]} a6 15.
Nd4 Qe4 16. Rfe1 $18) 13. dxe6 fxe6 $6 ({More resistant was} 13... Bxe6 14.
Nxe5 {[%cal Ye2d3]} Bc5+ 15. Kh1 Qe4 $1 (15... O-O $2 16. Nd3 $3 Bb6 17. Qg3 $1
$18 {[%cal Ye2d1]}) 16. Nxf7 $1 Bxf7 17. Ba6 $1 Qxe1 18. Rfxe1+ Kd7 19. Bxb7
Kc7 20. Bxa8 Nd7 21. Ba5+ Bb6 22. Bxb6+ axb6 23. Re7 $18 {[%cal Ya8b7]}) 14.
Nxe5 Bc5+ 15. Kh1 O-O 16. Bc4 $18 {[%cal Gc4b3,Yg2g4] Black is hopeless
against white's threats...} Qa4 {Black's position is losing after the
following possibilities as well:} (16... Rf6 17. Rd1 Be7 18. Bb3 Qe4 19. Qf2
$18 {[%cal Yf1e1]}) (16... Re8 17. Bb3 Qe4 18. Qg3 {[%cal Ya1e1]} Bg6 19. f5
$18) 17. Bb3 (17. b3 {-the game.}) 17... Qb5 18. Bc4 ({It wasn't too late to
make a fatal mistake:} 18. g4 $4 Qxf1+ $1 19. Qxf1 Be4+ 20. Nf3 Rxf4 21. Bd1
Nd7 $17 {[%cal Ya8f8]}) 18... Qa4 19. b3 Qa3 20. g4 b5 (20... Bg6 21. Nxg6 hxg6
22. Qxe6+ Kh7 23. g5 $18 {[%cal Ye6h3]}) 21. gxf5 bxc4 22. Nxc4 Qa6 23. Qxe6+ {
Black could resign right now...} Rf7 ({White mates after} 23... Kh8 24. Bxg7+
Kxg7 25. Rg1+ Bxg1 26. Rxg1+ Kh8 27. Qe5+ Rf6 28. Qxf6#) 24. Ne5 {winning a
lot of material.} Qb7 25. Rad1 Bb6 26. Qxf7+ Qxf7 27. Nxf7 Kxf7 28. Rf3 1-0

[Event "GER-ch 76th"]
[Site "Altenkirchen"]
[Date "2005.02.26"]
[Round "9"]
[White "Handke, Florian"]
[Black "Tischbierek, Raj"]
[Result "1-0"]
[WhiteElo "2488"]
[BlackElo "2477"]
[Annotator "Erenburg,S"]
[PlyCount "59"]
[EventDate "2005.02.18"]
[EventType "swiss"]
[EventRounds "9"]
[EventCountry "GER"]
[SourceTitle "CBM 106"]
[Source "ChessBase"]
[SourceDate "2005.06.06"]
[SourceVersion "1"]
[SourceVersionDate "2005.06.06"]
[SourceQuality "1"]
[WhiteTeam "Wattenscheid"]
[BlackTeam "Kreuzberg"]
[WhiteTeamCountry "GER"]
[BlackTeamCountry "GER"]

1. d4 d6 2. e4 Nf6 3. Bd3 g6 4. Nf3 Bg7 5. O-O O-O 6. Re1 ({Another
theoretical line is} 6. c3 Nh5 7. Re1 e5 8. h3 Nc6 9. Be3 {---> 1-0 Zagrebelny,
S-Kakageldyev,A/Doha 2003/CBM 94/[Erenburg] (29)}) 6... Nc6 {Black is
obviously planning to attack white's centre. He provokes white to play d4-d5,
that will open a long diagonal a1-h8 for his dark-squared bishop. Another
option is} (6... Bg4 {---> 0-1 Chuprov,D-Zakharevich,I/Moscow 1999/CBM 70/
[Tsesarsky] (65)}) 7. a3 $5 $146 {White covers the b4square, keeping the
option of c2-c4 by one tempo. In the preceding games white continued} (7. b3 $6
Bg4 8. c3 e5 $1 {---> 0-1 Frolyanov,D-Korotylev,A/Sochi 2004/CBM 104_01/
[Erenburg] (48)}) (7. c3 {---> 0-1 Mainka,R-Hertneck,G/Bremen 1998/CBM 68/
[Hertneck] (58)}) (7. h3 e5 8. c3 h6 9. Nbd2 Nh5 10. Nb3 Qf6 11. Bb5 a5 12. a4
Nf4 13. Bxc6 bxc6 14. dxe5 dxe5 15. Bxf4 Qxf4 16. Nc5 $14 {1/2-1/2 Milovanovic,
R-Savicevic,V/Ulcinj 1998/EXT 99 (25)}) (7. d5 Nb4 8. Bf1 Bg4 9. Nbd2 a5 10. h3
Bd7 11. Nc4 b5 12. Na3 c6 13. c3 Na6 14. dxc6 Bxc6 15. e5 $14 {1/2-1/2 Cvitan,
O-Agrest,E/Biel 1997/CBM 60 ext (29)}) 7... Nd7 {attacking the centre, and, at
the same time, adding the option of f7-f5.} ({Comes to consideration:} 7... Bg4
$5 8. Be3 (8. c3 e5 9. d5 Ne7 $13) 8... e5 9. d5 Nd4 10. Bxd4 (10. Nbd2 Nxf3+
11. Nxf3 Nxe4 12. Bxe4 f5 $11) 10... exd4 11. Nbd2 c5 $13) 8. c3 (8. Be3 e5 9.
c3 {-the game.}) 8... e5 9. Be3 h6 {covering the g5 square.} ({It looks
dangerous to open the a2-g8 diagonal:} 9... f5 {, but there isn't a clear way
to refute it.. For example:} 10. exf5 gxf5 11. Bc4+ (11. Qb3+ Kh8 12. Ng5 f4
$15) 11... Kh8 12. Ng5 (12. dxe5 $5) 12... f4 13. Nxh7 fxe3 14. fxe3 (14. Rxe3
Rf4 15. Rh3 Rh4) 14... Rf5 15. e4 $13 Rf4 16. g3 Rh4 $1 $17) 10. Qc1 $1 {
forcing black to locate the monarch on h7, that will make more difficult for
black to carry out the breakthrough f7-f5.} Kh7 11. Qc2 Nf6 12. h3 {covering
the g4 square.} Ng8 {Obviously, preparing the breakthrough f7-f5.} 13. Nbd2 $14
{White's position is slightly better, thanks to a space advantage. The only
black's plan is carrying out the breakthrough f7-f5, which seems extremely
difficult for realization...} f5 $2 {Black goes va-bank...} ({The least of the
evils was a waiting strategy:} 13... Nge7 14. Rad1 $14 (14. d5 Nb8) 14... f5
$141 15. exf5 gxf5 16. dxe5 dxe5 17. b4 Qe8 18. b5 Nd8 19. Bc5 $16) 14. exf5
gxf5 15. dxe5 dxe5 16. Bc5 $1 {Now all the white's pieces will attack black's
hanging pawns.} Nge7 {The following alternatives lead to black's fiasko:} (
16... Rf7 17. Bc4 Rf6 18. Nxe5 $18) (16... Rf6 17. Nxe5 $18) (16... Re8 17.
Bxf5+ $18) (16... e4 17. Nxe4 fxe4 18. Bxe4+ Kh8 19. Bxc6 bxc6 20. Bxf8 Bxf8 (
20... Qxf8 21. Nh4 $18) 21. Ne5 $18) 17. Nh4 $1 {[%cal Yh4f5]} Kh8 (17... b6
18. Nxf5 Bxf5 19. Bxf5+ Rxf5 20. Bxe7 Nxe7 21. g4 $18) (17... Rf7 18. Rad1 Be6
19. f4 $16 e4 $141 $2 20. Nxe4 $18) 18. Rad1 Qe8 (18... Qd5 {is bad, in view of
} 19. Nb3 Qf7 20. Na5 $1 $16) 19. Bb5 $1 $16 {[%csl Gb5][%cal Yc5e7,Ge1e5,
Yb5e8] Black cannot maintain a material balance- his pieces are all pined by
white's bishops and rooks...} Qh5 (19... e4 20. Bxe7 $18) 20. Bxc6 $1 Qxh4 21.
Nf3 Qf6 22. Nxe5 $6 {White had more attractive possibility:} (22. Bb5 $5 e4 23.
Bc4 Be6 24. Bd4 Qf7 25. Bxg7+ Kxg7 26. Ne5 Qf6 27. Nd7 Bxd7 28. Rxd7 $16) 22...
Nxc6 23. Bxf8 Nxe5 (23... Bxf8 {isn't better, than the continuation in the
game:} 24. Nxc6 bxc6 25. Qa4 $1 $16 (25. Re8 Bb7 26. Rxa8 Bxa8 27. Qa4 c5 28.
Qxa7 Qc6 $14) 25... Bb7 $141 26. Rd7 Bd6 27. Rd1 {[%cal Yd1d6]} Bc8 28. R7xd6
cxd6 29. Qxc6 Rb8 30. Rxd6 $18) 24. Bxg7+ Kxg7 (24... Qxg7 {loses, in view of}
25. Rd8+ Kh7 26. Rxc8 $18) 25. Qe2 Nf7 $2 {missing a better opportunity:} (
25... Nc6 26. b4 {[%cal Yb4b5]} (26. Qc4 Qf7) 26... a6 27. a4 f4 $1 (27... Qxc3
28. Rd3 $18 {[%cal Yd3g3]}) 28. Qc4 Qf7 29. Qxf7+ Kxf7 30. Re4 $14) 26. Qc4 $1
c6 $6 ({Last chance was} 26... b6 $1 27. Qxc7 Be6 28. Qb7 (28. Qc6 Rd8 29. Rxd8
Nxd8 30. Qc7+ Nf7 31. Qxa7 Bd5 $16) 28... Rg8 29. Qxa7 Bb3 $16) ({or} 26... f4
27. Qxc7 Qg6 (27... f3 28. Rd3 $1 $18 {[%cal Yd3g3]}) 28. Qxf4 Bxh3 29. Qf3 $16
) 27. Re8 {Black's pieces are absolutely paralized now...} b6 {preparing to
liberate himself from the pin with Bb7.} {[%tqu "En","Please find the
strongest move for white.","","","c4f4","",10]} 28. Qf4 $1 $18 {[%cal Rf4g3,
Yf4c7]} c5 ({After} 28... Bb7 29. Rxa8 Bxa8 30. Qb8 $18 {white wins the bishop.
}) 29. Qc7 Bb7 {[%tqu "En","Pease enter the winning continuation for white.",
"","","e8e7","",10]} 30. Re7 $1 {getting a decisive material advantage.} (30.
Re7 Be4 31. Rxf7+ Qxf7 32. Rd7 $18) 1-0

[Event "RUS-chT 12th"]
[Site "Sochi"]
[Date "2005.04.19"]
[Round "1"]
[White "Alekseev, Evgeny V"]
[Black "Morozevich, Alexander"]
[Result "1/2-1/2"]
[WhiteElo "2597"]
[BlackElo "2717"]
[Annotator "Erenburg,S"]
[PlyCount "63"]
[EventDate "2005.04.19"]
[EventType "team-tourn"]
[EventRounds "11"]
[EventCountry "RUS"]
[SourceTitle "EXT 2020"]
[Source "ChessBase"]
[SourceDate "2019.10.17"]
[SourceVersion "1"]
[SourceVersionDate "2019.10.17"]
[SourceQuality "1"]
[WhiteTeam "Togliatti Lada"]
[BlackTeam "Tomsk 400"]
[WhiteTeamCountry "RUS"]
[BlackTeamCountry "RUS"]

1. e4 d6 2. d4 Nf6 3. Nc3 g6 4. g3 c6 {A rare continuation in comparison to
the following one:} (4... Bg7 5. Bg2 O-O 6. Nge2 {---> 1/2-1/2 Alekseev,
E-Ivanchuk,V/Skanderborg 2003/CBM 98/[Erenburg] (36)}) 5. Bg2 Bg7 6. a4 {
occupying some space on the queenside.} (6. Nge2 O-O 7. O-O e5 8. a4 a5 9. h3
Na6 10. Be3 exd4 11. Bxd4 Re8 12. g4 d5 13. exd5 Nb4 14. dxc6 bxc6 15. g5 Nh5
16. Bxg7 Kxg7 17. Qxd8 Rxd8 18. Rac1 $14 {0-1 Zavgorodniy,S-Kuzmin,G/ch-UKR,
Simferopol UKR 2003 (38)}) 6... Qa5 7. Nge2 d5 $6 $146 {A typical continuation
for Morozevich, that leads the game to an unexplored position... According to
my database, this position appeared for the first time. In the preceding game
black continued} (7... O-O 8. h3 h5 9. O-O Na6 10. Be3 Qc7 11. Qd2 Kh7 12. f4
e5 13. Rad1 Ng8 14. Kh2 Ne7 15. Ng1 f5 16. Nf3 fxe4 17. Nxe4 Bf5 18. dxe5 dxe5
19. Neg5+ Kg8 20. Nxe5 $16 {1-0 Krugliakov,P-Stas,V/Kiev 2002/EXT 2003 (34)})
8. e5 Ne4 9. O-O Nxc3 10. Nxc3 h5 {preparing the square f5 for the
light-squared bishop.} (10... f6 $5 11. f4 O-O 12. Be3 $14 {[%cal Yh2h4,Yh4h5]}
) ({In case of} 10... Bf5 {White has an interesting idea of immediate attack
on the kingside:} 11. g4 $5 Bc8 12. f4 $5 h5 13. f5 $13) 11. Bg5 Bf5 12. Qd2
Na6 $6 {I don't think Alexander blundered the e7 pawn... Probably, his goal
was to get some unusual position.. But, in my opinion, his position should be
worse after his last move.} (12... Qc7 $142 13. Nd1 $14 {[%cal Yd1e3]}) 13.
Rfe1 $6 {White should have prefered the more principled} (13. Bxe7 $1 Kxe7 14.
Nxd5+ Qxd5 15. Bxd5 cxd5 16. c4 $5 (16. Qa5 $5 {[%cal Yb2b4,Ga5d5]} Rhd8 17. b4
Rd7 18. b5 Nc7 19. Qd2 $16) 16... dxc4 17. d5 Bxe5 18. Rfe1 Kd6 19. Rxe5 Kxe5
20. Qc3+ (20. Qf4+ Kf6 21. Qd4+ Kg5 22. Qf4+ Kf6 $11) 20... Kd6 21. Qf6+ Kc7
22. Qxf7+ Bd7 23. Rc1 Rad8 24. Rxc4+ Kb8 25. Qxg6 $16) 13... Qd8 {protecting
the pawn e7 and preparing a castle to one of the sides.} 14. Nd1 {transfering
the knight to e3.} Qd7 15. Ne3 Be6 16. h4 Nc7 ({It is quite dangerous to
castle at this moment:} 16... O-O 17. Bf1 Nc7 18. Bd3 $14 {[%cal Yf2f4,Yd2f2,
Gf4f5]}) 17. Qb4 {preventing Black from a castle.} Na6 18. Qa3 Nc7 (18... f6
19. exf6 exf6 20. Bf4 {[%cal Yg2f1]} O-O-O 21. Bf1 Nc7 22. Qc5 $14) 19. Rad1
Bh6 $1 {trading one of White's most active pieces.} 20. Bxh6 Rxh6 21. b3 {
preparing to carry out c2-c4.} O-O-O 22. c4 Kb8 23. cxd5 {Maybe White has
hurried a bit... I think, he could improve his position on the queenside still
more and start with an active play afterwards.} (23. a5 $5) 23... Bxd5 $1 {
Of course, black changes his passive bishop and not the knight.} ({Much worse
is} 23... Nxd5 24. Nxd5 cxd5 (24... Bxd5 25. Bxd5 cxd5 26. e6 $16) 25. Rc1 $16)
24. Nxd5 cxd5 $1 (24... Nxd5 25. Bxd5 cxd5 26. e6 fxe6 27. Qc1 $16) 25. Qc1 $6
{White chose to transfer the queen to the kingside, but this actually throws
away his advantage. More aggressive was} (25. Rc1 Rhh8 26. Rc5 Rc8 27. Rec1 b6
28. R5c3 Ne6 $14) 25... Rhh8 26. Qf4 e6 27. Rc1 Na6 $1 {[%cal Ya6b4]
emphasizing the background of white's queen maneouvre to the kingside.} 28. Bf1
Nb4 29. Qd2 a5 $11 30. Rc5 b6 31. Bb5 Qe7 32. Rc3 {Black will change one pair
of the rooks, that will make inpossible an invasion to the black camp.
Therefore, the draw was agreed.} (32. Rc3 Rc8 33. Rec1 Rxc3 34. Rxc3 (34. Qxc3
Na2) 34... Rd8 $11) 1/2-1/2